My Playlist - Statistics

General Stats
  • This quiz has been taken 6 times
  • The average score is 14 of 64
Answer Stats
Song Name Artist % Correct
Houdini Dua Lipa
60%
Dog Days Are Over Florence and The Machine
60%
Supermassive Black Hole Muse
60%
All The Things She Said t.A.T.u
60%
Zombie The Cranberries
60%
Wake Me Up Before You Go-Go Wham!
60%
Sabotage Beastie Boys
40%
Loser Beck
40%
Where Is The Love Black Eyed Peas
40%
My Kinks Is Karma Chappell Roan
40%
Get Into It (Yuh) Doja Cat
40%
Thnks Fr Th Mmrs Fall Out Boy
40%
Celebrity Skin Hole
40%
Dr.Feelgood Mötley Crüe
40%
Breed Nirvana
40%
Just Like A Pill Pink
40%
Anarchy In The UK Sex Pistols
40%
Fat Lip Sum 41
40%
Buddy Holly Weezer
40%
Teenage Dirtbag Wheatus
40%
Dude (Looks Like A Lady) Aerosmith
20%
You Ougtha Know Alanis Morissette
20%
As Long As You Love Me Backstreet Boys
20%
1985 Bowling For Soup
20%
Insane In The Brain Cypress Hill
20%
Suffragette City David Bowie
20%
Revolution Radio Green Day
20%
Jump Around House Of Pain
20%
Do It Like A Dude Jessie J
20%
Bad Reputation (JJ) Joan Jett & The Blackhearts
20%
Immigrant Song Led Zeppelin
20%
Zitti e buoni Måneskin
20%
The Beautiful People Marilyn Manson
20%
Dead! My Chemical Romance
20%
Whatever Oasis
20%
Where The Lines Overlap Paramore
20%
Where Is My Mind Pixies
20%
No Surprises Radiohead
20%
Toxicity System Of A Down
20%
Gives You Hell The all-American Rejects
20%
Hypnotize The Notorious B.I.G.
20%
Ocean Avenue Yellowcard
20%
Unwanted Avril Lavigne
0%
What Do You Want From Me Forever the Sickest Kids
0%
Stacy's Mom Fountains Of Wayne
0%
I Love You, I'm Sorry Gracie Abrams
0%
Watch Me While I Bloom Hayley Williams
0%
Nasty Janet Jackson
0%
Behind These Hazel Eyes Kelly Clarkson
0%
peekaboo Kendrick Lamar
0%
Blind Korn
0%
Paper Gangsta Lady Gaga
0%
My Own Worst Enemy Lit
0%
Chicago Louis Tomlinson
0%
Scotty Doesn't Know Lustra
0%
Sweating Bullets Megadeth
0%
Fuel Metallica
0%
Half a Heart One Direction
0%
911 Is A Joke Public Enemy
0%
She Hates Me Puddle Of Mudd
0%
Bulls On Parade Rage Against The Machine
0%
Kiss Me Sixpence None The Richer
0%
Wait and Bleed Slipknot
0%
Speak Slow Tegan and Sara
0%
No matching quizzes found
Score Distribution
Percent of People with Each Score
Percentile by Number Answered
Your Score History
You have not taken this quiz